| 000 | 01600cam a2200289 i 4500 | ||
|---|---|---|---|
| 005 | 20160119043333.0 | ||
| 008 | 150326s2004 dcua 000 0 eng c | ||
| 015 |
_aGBA4Y2977 _2bnb |
||
| 020 | _a1588341097 | ||
| 020 | _a9781588341099 | ||
| 040 |
_aDLC _cYUS _dDLC _dYDX _dBTCTA _dUKM _dBDX _dOCLCF _dOCLCA _dOCLCQ _dDLC _dCO-BoIAVH |
||
| 041 | _aeng | ||
| 042 | _apcc | ||
| 043 | _an-us-dc | ||
| 082 | 0 | 4 |
_a002.074 _bO32o |
| 245 | 0 | 0 | _aOfficial guide to the Smithsonian National Museum of Natural History. |
| 260 |
_aWashington [D.C.] : _bSmithsonian Books, _cc2004. |
||
| 300 |
_avii, 158 paáginas : _bilustraciones a color ; _c24 cm. |
||
| 505 | 0 | 0 | _tWelcome to the Museum. -- National Museum of Natural History: Where Wonders Never Cease. -- The Architecture of Excellence. -- Once Upon a Museum. -- Building the Collections. -- Spencer Fullerton Baird: The Passionate Collector. -- Outgrowing the Attic. -- Collecting for the Future. -- Learning from the Collections. -- Why Do We Need So Many Beetles?. -- The Museum Today, |
| 520 | _aPresenta una guía ilustrada para el Museo Nacional de Historia Natural en Washington DC, e incluye más de doscientas fotografías a color de mamíferos, fósiles, gemas y minerales, y las culturas antiguas del mundo. | ||
| 610 | 2 |
_aMuseo Nacional de Historia Natural (EE.UU.) _vGuías. |
|
| 610 | 2 | 7 | _aMuseo Nacional de Historia Natural (EE.UU.) |
| 650 | 1 | 4 |
_aMuseos de historia natural _zWashington (D.C.) _vGuías. |
| 650 | 2 | 4 | _aMuseos de historia natural |
| 710 | 2 | _aSmithsonian Institution. | |
| 942 |
_2ddc _cLIBRO |
||
| 999 |
_c5100 _d5100 |
||